[Event "IECC O-4416"]
[Site "IECC email"]
[Date "2016.11.02"]
[Round "?"]
[White "Raba, Yosi"]
[Black "Fuller, Robert C"]
[Result "1/2-1/2"]
[WhiteElo "1637"]
[BlackElo "1777"]
[PlyCount "45"]
[EventDate "2016.??.??"]
[EventType "swiss (corr)"]
[EventRounds "2"]
[SourceTitle "Corr 2020"]
[Source "ChessBase"]
[SourceDate "2019.09.30"]
[SourceVersion "1"]
[SourceVersionDate "2019.09.30"]
[SourceQuality "1"]
[WhiteTeam "Israel"]
[BlackTeam "United States"]
[WhiteTeamCountry "ISR"]
[BlackTeamCountry "USA"]

1. e4 e6 2. d4 d5 3. e5 c5 4. c3 Nc6 5. Nf3 Bd7 6. Be2 Nge7 7. 0-0 Ng6 8. Be3 Be7 9. dxc5 Ncxe5 10. Nxe5 Nxe5 11. Qd4 Bf6 12. Qf4 h5 13. Qg3 Ng6 14. Nd2 Be5 15. f4 Bc7 16. c4 dxc4 17. Nxc4 0-0 18. Bxh5 Qf6 19. Bxg6 Qxg6 20. Qxg6 fxg6 21. Nd6 Bc6 22. Rad1 Rad8 23. Rd4 1/2-1/2

[Event "IECC O-4207"]
[Site "IECC email"]
[Date "2016.02.20"]
[Round "?"]
[White "Raba, Yosi"]
[Black "Brown, Kevin M"]
[Result "1/2-1/2"]
[WhiteElo "1632"]
[BlackElo "1766"]
[PlyCount "47"]
[EventDate "2016.??.??"]
[EventType "swiss (corr)"]
[EventRounds "2"]
[SourceTitle "Corr 2020"]
[Source "ChessBase"]
[SourceDate "2019.09.30"]
[SourceVersion "1"]
[SourceVersionDate "2019.09.30"]
[SourceQuality "1"]
[WhiteTeam "Israel"]
[BlackTeam "Australia"]
[WhiteTeamCountry "ISR"]
[BlackTeamCountry "AUS"]

1. d4 Nf6 2. Nf3 e6 3. Bf4 d5 4. e3 Bd6 5. Ne5 0-0 6. Bd3 c5 7. dxc5 Bxc5 8. 0-0 Bd7 9. Nc3 a6 10. Re1 Nc6 11. a4 Nb4 12. Bg5 Be7 13. Be2 Be8 14. Qd2 Nc6 15. f4 Nxe5 16. fxe5 Ne4 17. Bxe7 Qxe7 18. Nxe4 dxe4 19. Rf1 Bc6 20. Bc4 Rad8 21. Qe1 Qc5 22. Qc3 Bd5 23. Bxd5 Rxd5 24. Qxc5 1/2-1/2

[Event "IECC O-3977"]
[Site "IECC email"]
[Date "2015.02.08"]
[Round "?"]
[White "Raba, Yosi"]
[Black "Basson, Heinrich"]
[Result "1/2-1/2"]
[WhiteElo "1652"]
[BlackElo "1682"]
[PlyCount "44"]
[EventDate "2015.??.??"]
[EventType "swiss (corr)"]
[EventRounds "2"]
[SourceTitle "Corr 2020"]
[Source "ChessBase"]
[SourceDate "2019.09.30"]
[SourceVersion "1"]
[SourceVersionDate "2019.09.30"]
[SourceQuality "1"]
[WhiteTeam "Israel"]
[BlackTeam "South Africa"]
[WhiteTeamCountry "ISR"]
[BlackTeamCountry "RSA"]

1. e4 d5 2. exd5 Qxd5 3. Nc3 Qa5 4. Nf3 Nf6 5. d4 c6 6. Bd2 Qc7 7. Bd3 Bg4 8. h3 Bh5 9. Qe2 Nbd7 10. 0-0-0 e6 11. Bg5 Bb4 12. g4 Bg6 13. Bxg6 hxg6 14. Ne4 Nxe4 15. Qxe4 Bd6 16. Qe3 Nf6 17. Ne5 0-0-0 18. Nc4 Rd7 19. Nxd6+ Qxd6 20. Bf4 Qd5 21. Qa3 a6 22. f3 g5 1/2-1/2

[Event "IECC M1-2013.T004"]
[Site "IECC email"]
[Date "2013.01.24"]
[Round "?"]
[White "Raba, Yosi"]
[Black "Hargreaves, Richard"]
[Result "0-1"]
[WhiteElo "1662"]
[BlackElo "1726"]
[PlyCount "34"]
[EventDate "2013.??.??"]
[EventType "match (corr)"]
[EventRounds "2"]
[SourceTitle "Corr 2020"]
[Source "ChessBase"]
[SourceDate "2019.09.30"]
[SourceVersion "1"]
[SourceVersionDate "2019.09.30"]
[SourceQuality "1"]
[WhiteTeam "Israel"]
[BlackTeam "England"]
[WhiteTeamCountry "ISR"]
[BlackTeamCountry "ENG"]

1. e4 c5 2. Nc3 Nc6 3. f4 e6 4. Nf3 d5 5. Bb5 Nge7 6. exd5 exd5 7. Qe2 Qd6 8. Bxc6+ Qxc6 9. d4 c4 10. Ne5 Qb6 11. 0-0 Bf5 12. g4 Bc8 13. f5 Qxd4+ 14. Kh1 f6 15. Nf3 Qc5 16. Be3 Qc7 17. Rae1 Kf7 0-1

[Event "IECC M1-2012.T064"]
[Site "IECC email"]
[Date "2012.10.27"]
[Round "?"]
[White "Sorcinelli, Andrea"]
[Black "Raba, Yosi"]
[Result "0-1"]
[WhiteElo "1711"]
[BlackElo "1639"]
[PlyCount "46"]
[EventDate "2012.??.??"]
[EventType "match (corr)"]
[EventRounds "2"]
[SourceTitle "Telechess CBM 165"]
[Source "ChessBase"]
[SourceDate "2015.03.11"]
[SourceVersion "1"]
[SourceVersionDate "2015.03.11"]
[SourceQuality "1"]
[WhiteTeam "Italy"]
[BlackTeam "Israel"]
[WhiteTeamCountry "ITA"]
[BlackTeamCountry "ISR"]

1. e4 e6 2. d4 d5 3. Nc3 Bb4 4. e5 Ne7 5. a3 Bxc3+ 6. bxc3 c5 7. Qg4 0-0 8. Nf3 cxd4 9. Bd3 Qc7 10. 0-0 Qxc3 11. Bd2 Qc7 12. Qh5 g6 13. Qh6 f6 14. exf6 Rxf6 15. Qg5 Rxf3 16. gxf3 Nbc6 17. h4 Ne5 18. Kg2 Nxd3 19. cxd3 e5 20. h5 Bf5 21. Rfc1 Nc6 22. hxg6 Bxg6 23. Qf6 Rf8 0-1

[Event "IECC O-3533"]
[Site "IECC email"]
[Date "2012.10.26"]
[Round "?"]
[White "Raba, Yosi"]
[Black "Basson, Heinrich"]
[Result "1/2-1/2"]
[WhiteElo "1638"]
[BlackElo "1669"]
[PlyCount "34"]
[EventDate "2012.??.??"]
[EventType "swiss (corr)"]
[EventRounds "2"]
[SourceTitle "Corr 2020"]
[Source "ChessBase"]
[SourceDate "2019.09.30"]
[SourceVersion "1"]
[SourceVersionDate "2019.09.30"]
[SourceQuality "1"]
[WhiteTeam "Israel"]
[BlackTeam "South Africa"]
[WhiteTeamCountry "ISR"]
[BlackTeamCountry "RSA"]

1. e4 c6 2. d4 d5 3. Nc3 Nf6 4. Bd3 e6 5. e5 Nfd7 6. Nf3 Be7 7. 0-0 c5 8. Nb5 c4 9. Be2 Qb6 10. Nc3 0-0 11. b3 cxb3 12. cxb3 f6 13. exf6 Nxf6 14. Be3 Nc6 15. Ne5 Bd6 16. a3 Bd7 17. Nb5 Be7 1/2-1/2

[Event "IECC KO-2107"]
[Site "IECC email"]
[Date "2010.09.23"]
[Round "?"]
[White "Meetze, Bill"]
[Black "Raba, Yosi"]
[Result "1/2-1/2"]
[WhiteElo "1291"]
[BlackElo "1524"]
[PlyCount "63"]
[EventDate "2009.??.??"]
[EventType "match (corr)"]
[EventRounds "2"]
[SourceTitle "Telechess CBM 149"]
[Source "ChessBase"]
[SourceDate "2012.07.17"]
[SourceVersion "1"]
[SourceVersionDate "2012.07.17"]
[SourceQuality "1"]
[WhiteTeam "US of America"]
[BlackTeam "Israel"]
[WhiteTeamCountry "USA"]
[BlackTeamCountry "ISR"]

1. d4 Nf6 2. c4 e6 3. g3 d5 4. Nf3 Nc6 5. Bg2 Bb4+ 6. Bd2 Qe7 7. a3 Bxd2+ 8. Nbxd2 0-0 9. 0-0 Bd7 10. Re1 Ne4 11. e3 f5 12. Qb3 Qd6 13. Rad1 Na5 14. Qd3 Nc6 15. cxd5 exd5 16. Ne5 Kh8 17. Ndf3 Nxe5 18. dxe5 Qb6 19. Qc2 c6 20. Rd3 Rfe8 21. Rc1 Rab8 22. Rdd1 Rbc8 23. Qe2 Kg8 24. Rd4 Rb8 25. Rb4 Qa5 26. Qd1 Qa6 27. Bf1 Qa5 28. Qb3 Nc5 29. Qd1 Ne4 30. Bg2 Re7 31. Qb3 Qa6 32. Ra4 1/2-1/2

[Event "IECC CL5-2010.05 email"]
[Site "IECC email"]
[Date "2010.04.25"]
[Round "?"]
[White "D'Aragona, Vittoria"]
[Black "Raba, Yosi"]
[Result "0-1"]
[WhiteElo "1355"]
[BlackElo "1475"]
[PlyCount "44"]
[EventDate "2010.??.??"]
[EventType "tourn (corr)"]
[EventRounds "4"]
[SourceTitle "Telechess CBM 149"]
[Source "ChessBase"]
[SourceDate "2012.07.17"]
[SourceVersion "1"]
[SourceVersionDate "2012.07.17"]
[SourceQuality "1"]
[WhiteTeam "Italy"]
[BlackTeam "Israel"]
[WhiteTeamCountry "ITA"]
[BlackTeamCountry "ISR"]

1. e4 e6 2. d4 d5 3. Nc3 Bb4 4. a3 Bxc3+ 5. bxc3 dxe4 6. Qg4 Nf6 7. Qxg7 Rg8 8. Qh6 c5 9. dxc5 Rg6 10. Qe3 e5 11. Bb2 Bf5 12. Rd1 Nbd7 13. h3 Qa5 14. g4 Be6 15. c6 bxc6 16. Ne2 Nb6 17. Nc1 Na4 18. Ba1 Nd5 19. Qd2 Qb6 20. c4 e3 21. fxe3 Nxe3 22. Nb3 Nxd1 0-1

[Event "LSS SD-2010-0-00053"]
[Site "LSS email"]
[Date "2010.03.30"]
[Round "?"]
[White "Raba, Yosi"]
[Black "Moreira, Carlos Alberto Lima"]
[Result "0-1"]
[WhiteElo "1274"]
[BlackElo "1550"]
[PlyCount "34"]
[EventDate "2010.01.24"]
[EventType "tourn (corr)"]
[EventRounds "6"]
[EventCountry "GER"]
[SourceTitle "Corr 2013"]
[Source "ChessBase"]
[SourceDate "2012.11.12"]
[SourceVersion "1"]
[SourceVersionDate "2012.11.12"]
[SourceQuality "1"]
[WhiteTeam "US of America"]
[BlackTeam "US of America"]
[WhiteTeamCountry "USA"]
[BlackTeamCountry "USA"]

1. e4 c5 2. Nf3 d6 3. d4 cxd4 4. Nxd4 Nf6 5. Nc3 a6 6. Be2 e5 7. Nb3 Be7 8. 0-0 0-0 9. Bg5 Be6 10. Be3 Nbd7 11. f4 exf4 12. Bxf4 Ne5 13. Nd4 Rc8 14. Nf5 Bxf5 15. Bxe5 dxe5 16. Qxd8 Rfxd8 17. Rxf5 Rd2 0-1

[Event "LSS OP-2009-0-00871"]
[Site "LSS email"]
[Date "2009.06.07"]
[Round "?"]
[White "Murphy, Jones"]
[Black "Raba, Yosi"]
[Result "1-0"]
[WhiteElo "1275"]
[BlackElo "1400"]
[PlyCount "34"]
[EventDate "2009.06.03"]
[EventType "tourn (corr)"]
[EventRounds "4"]
[EventCountry "GER"]
[SourceTitle "Corr 2011"]
[Source "ChessBase"]
[SourceDate "2010.08.31"]
[SourceVersion "1"]
[SourceVersionDate "2010.08.31"]
[SourceQuality "1"]

1. e4 e6 2. d3 d5 3. e5 c5 4. f4 Nc6 5. Nf3 Nge7 6. c3 Ng6 7. Be2 Be7 8. Na3 0-0 9. 0-0 f6 10. d4 cxd4 11. cxd4 Qb6 12. Kh1 Bd7 13. Nc2 fxe5 14. fxe5 Nf4 15. b3 Nxe2 16. Qxe2 Rac8 17. Be3 Nxd4 1-0

[Event "LSS OP-2009-0-00871"]
[Site "LSS email"]
[Date "2009.06.07"]
[Round "?"]
[White "Raba, Yosi"]
[Black "Garcia, Sergio"]
[Result "1-0"]
[WhiteElo "1400"]
[BlackElo "800"]
[PlyCount "65"]
[EventDate "2009.06.03"]
[EventType "tourn (corr)"]
[EventRounds "4"]
[EventCountry "GER"]
[SourceTitle "Corr 2011"]
[Source "ChessBase"]
[SourceDate "2010.08.31"]
[SourceVersion "1"]
[SourceVersionDate "2010.08.31"]
[SourceQuality "1"]

1. e4 c5 2. Nf3 Nc6 3. d4 cxd4 4. Nxd4 Nf6 5. Nc3 e5 6. Ndb5 Bb4 7. Nd6+ Bxd6 8. Qxd6 Qe7 9. Qxe7+ Nxe7 10. Bg5 d6 11. 0-0-0 Kd7 12. Bxf6 gxf6 13. Nb5 Kd8 14. Rxd6+ Bd7 15. Rxf6 Bxb5 16. Bxb5 a6 17. Rd1+ Kc8 18. Bd7+ Kc7 19. Rxf7 Nc6 20. Bf5+ Kb6 21. Rdd7 Rab8 22. Rxh7 Rxh7 23. Rxh7 Rd8 24. c3 Re8 25. g4 Ne7 26. Bd7 Rf8 27. Rxe7 Rxf2 28. h4 Kc5 29. Rxe5+ Kd6 30. Rd5+ Ke7 31. Bf5 b5 32. g5 Rh2 33. Rd7+ 1-0